000 00822nas a2200277 4500
001 BR0701631
003 BR-BrBNA
005 20231205110708.0
007 ta
008 230509b bl.|||p| |||| 00| 00por d
040 _aBR-BrBNA
_bpor
_cBiblioteca Nacional de Agricultura
041 _a(Pt)
072 _aF30
100 1 _aJesus, O.N. de
100 1 _aCâmara, C.F.
100 1 _aSilva, S. de O. e
100 1 _aPestana, K.N.
100 1 _aSoares, T.L.
245 1 _aDiferenciação molecular de cultivares elites de bananeira
650 _aBANANA
650 _aMARCADOR GENÉTICO
650 _aMARCADOR MOLECULAR
773 0 _tPesquisa Agropecuária Brasileira (Brazil)
_xISSN 0100-204X
_g(Dec 2006), v. 41(12) p. 1739-1748
_wBR0701631
909 _a202311
_bLúcia
_c55
_dLúcia Elande
942 _2AGRIS
_n0
_cANA
999 _c188592
_d188592